Spinel-Hornblende-Anthophyllite (Nephritoid) Neolithic Axes from Western Slovakia

Bibliographic Details
Main Authors: Hovorka, Dušan, 1933- (Author), Illášová, Ľudmila, 1952- (Author), Korikovskij, Sergej (Author)
Format: Article
Language:Slovak
English
PhysicalDescription:Fotogr. 2, obr. 2, tab. 2, res. angl., lit. 12 zázn.
ISSN:1335-0552
Subjects:

MARC

LEADER 00000nab a2200000 a 4500
001 vtls000632565
003 SK-MaSNL
005 20260304093140.0
008 250425c1997 xo 0 slo
015 |a SNBRB19rr/mm-uuuuu 
035 |a CL0632704 
035 |a urn:nbn:sk:snk-ab78qi 
035 |a (uuid)c7544198-1ff9-4a1e-85b8-ba4eb498306b 
035 |a (urnnbn)urn:nbn:sk:snk:ar-a077af 
035 |a (sysno)vtls000632565 
040 |a SNKBUCL  |b slo  |c SNKBUCL  |e AACR2 
041 0 |a eng 
044 |a xo  |c SK 
080 |a 903.21(437.6)"634":552.48(437.61)"634"  |2 1981 
080 |a 552.48(437.61)"634"  |2 1981 
080 |a 551.794  |2 1981 
100 1 |a Hovorka, Dušan,  |d 1933-  |4 aut  |9 103845 
245 1 0 |a Spinel-Hornblende-Anthophyllite (Nephritoid) Neolithic Axes from Western Slovakia  |c Dušan Hovorka, Ľudmila Illášová, Sergej Korikovskij 
300 |b Fotogr. 2, obr. 2, tab. 2, res. angl., lit. 12 zázn. 
650 0 7 |a sekery amfibolitové  |2 snkbucl  |9 1387910 
650 0 7 |a neolit  |2 snkbucl  |9 51830 
651 7 |a Slovensko západné  |2 snkbucl  |9 161137 
655 7 |a články z novín a časopisov  |2 snkbucl  |9 267496 
700 1 |a Illášová, Ľudmila,  |d 1952-  |4 aut  |9 8808 
700 1 |a Korikovskij, Sergej  |4 aut  |9 1387911 
773 0 |t Geologica carpathica  |g Roč. 48, č. 2 (1997), s. 137-140  |x 1335-0552 
850 |a Slovenská národná knižnica 
852 |a Slovenská národná knižnica 
957 |a 5200 
958 |a article27 
958 |a NB 
958 |a SK 
958 |a RK 
958 |a OND 
958 |a EUIPO 
999 |c 2821855  |d 2823785